Wszyscy piłkarze powołani na Euro 2024 - Statystyki

Ogólne statystyki
  • Ten quiz został rozwiązany 585 razy
  • Średni wynik to 142 z 622
Statystyki odpowiedzi
Reprezentacja Numer Zawodnik % Poprawnych
12 José Sá
86%
Niemcy 1 Manuel Neuer
82%
9 Robert Lewandowski
78%
10 Jamal Musiala
77%
Polska 1 Wojciech Szczęsny
76%
22 Marc-André ter Stegen
74%
2 Antonio Rüdiger
70%
17 Florian Wirtz
69%
10 Kylian Mbappé
69%
10 Luka Modrić
69%
19 Lamine Yamal
68%
8 Toni Kroos
68%
12 Łukasz Skorupski
67%
21 Nicola Zalewski
67%
10 Piotr Zieliński
67%
9 Harry Kane
65%
23 Unai Simón
65%
7 Cristiano Ronaldo
64%
6 Joshua Kimmich
64%
22 Marcin Bułka
64%
20 Pedri
63%
16 Rodri
63%
13 Thomas Müller
63%
Włochy 1 Gianluigi Donnarumma
62%
5 Jan Bednarek
62%
16 Adam Buksa
61%
7 Kai Havertz
61%
7 Karol Świderski
61%
17 Damian Szymański
60%
20 Sebastian Szymański
60%
7 Álvaro Morata
59%
14 Jakub Kiwior
59%
23 Krzysztof Piątek
59%
`9 Leroy Sané
59%
15 Micky van de Ven
59%
10 Dominik Szoboszlai
57%
10 Jude Bellingham
57%
7 Kevin De Bruyne
57%
Szwajcaria 1 Yann Sommer
57%
3 Andrew Robertson
56%
Anglia 1 Jordan Pickford
56%
26 Kacper Urbański
56%
4 Virgil van Dijk
56%
2 Dani Carvajal
54%
21 İlkay Gündoğan
54%
Słowenia 1 Jan Oblak
54%
17 Nico Williams
54%
3 Paweł Dawidowicz
54%
11 Kamil Grosicki
53%
10 Romelu Lukaku
53%
7 Bukayo Saka
52%
19 Przemysław Frankowski
52%
10 Christian Eriksen
51%
4 Jonathan Tah
51%
10 Memphis Depay
51%
16 Mike Maignan
51%
11 Ousmane Dembélé
51%
11 Ferran Torres
50%
2 Kyle Walker
50%
18 Bartosz Bereszyński
49%
6 Jakub Piotrowski
49%
9 Niclas Füllkrug
49%
15 Nico Schlotterbeck
49%
11 Phil Foden
49%
7 Antoine Griezmann
48%
8 Arda Güler
48%
10 Bernardo Silva
48%
10 Dani Olmo
48%
10 Granit Xhaka
48%
4 Adrian Rus
47%
24 António Silva
47%
8 Bruno Fernandes
47%
11 Cody Gakpo
47%
Chorwacja 1 Dominik Livaković
47%
6 Eduardo Camavinga
47%
21 Gregor Kobel
47%
4 Scott McTominay
47%
2 Bartosz Salamon
46%
5 John Stones
46%
3 Pepe
46%
22 Theo Hernández
46%
14 Federico Chiesa
45%
8 Jakub Moder
45%
4 Joško Gvardiol
45%
5 Manuel Akanji
45%
24 Marc Cucurella
45%
7 Breel Embolo
44%
7 Marko Arnautović
44%
8 Mateo Kovačić
44%
20 Sergej Milinković-Savić
44%
15 Tymoteusz Puchacz
44%
23 Vanja Milinković-Savić
44%
6 Willi Orbán
44%
23 Xherdan Shaqiri
44%
8 Aurélien Tchouaméni
43%
22 Diogo Costa
43%
5 Jules Koundé
43%
23 Alessandro Bastoni
42%
14 Aymeric Laporte
42%
11 Benjamin Šeško
42%
4 Declan Rice
42%
21 Frenkie de Jong
42%
6 Mikel Merino
42%
9 Olivier Giroud
42%
17 Rafael Leão
42%
23 Robert Andrich
42%
8 Trent Alexander-Arnold
42%
7 Xavi Simons
42%
23 Andrij Łunin
41%
24 Bartosz Slisz
41%
Hiszpania 1 David Raya
41%
8 Fabián Ruiz
41%
13 N’Golo Kanté
41%
18 Nicolò Barella
41%
12 Randal Kolo Muani
41%
6 Andreas Christensen
40%
3 David Raum
40%
7 Dušan Vlahović
40%
Dania 1 Kasper Schmeichel
40%
9 Marcel Sabitzer
40%
25 Rasmus Kristensen
40%
13 Taras Romanczuk
40%
24 Cole Palmer
39%
22 Denzel Dumfries
39%
14 Ivan Perišić
39%
22 Jérémy Doku
39%
21 Mikel Oyarzabal
39%
10 Patrik Schick
39%
Węgry 1 Péter Gulácsi
39%
4 Sebastian Walukiewicz
39%
11 Artem Dowbyk
38%
4 Dayot Upamecano
38%
20 Dennis Man
38%
9 Gonçalo Ramos
38%
3 Luke Shaw
38%
5 Nathan Aké
38%
9 Rasmus Højlund
38%
4 Rúben Dias
38%
3 Federico Dimarco
37%
11 João Félix
37%
25 Fermín López
36%
12 Jeremie Frimpong
36%
4 Nacho
36%
17 Ołeksandr Zinczenko
36%
5 Riccardo Calafiori
36%
3 Robin Le Normand
36%
17 William Saliba
36%
9 Wout Weghorst
36%
19 Barnabás Varga
35%
20 João Cancelo
35%
11 Marcelo Brozović
35%
25 Michał Skóraś
35%
19 Nuno Mendes
35%
13 Ricardo Rodríguez
35%
9 Andrej Kramarić
34%
25 Bradley Barcola
34%
20 Konrad Laimer
34%
15 Marcus Thuram
34%
3 Matthijs de Ligt
34%
Portugalia 1 Rui Patrício
34%
14 Adrien Rabiot
33%
4 Attila Szalai
33%
2 Benjamin Pavard
33%
10 Hakan Çalhanoğlu
33%
24 Ibrahima Konaté
33%
6 Stefan de Vrij
33%
22 Fabian Schär
32%
6 Kieran Tierney
32%
9 Martin Ádám
32%
22 Tomáš Souček
32%
25 Aleksandar Pavlović
31%
23 Alphonse Areola
31%
Holandia 1 Bart Verbruggen
31%
18 Donyell Malen
31%
3 Ferland Mendy
31%
25 Giorgi Mamardaszwili
31%
2 Giovanni Di Lorenzo
31%
6 Marc Guéhi
31%
10 Mychajło Mudryk
31%
21 Nicolae Stanciu
31%
19 Ollie Watkins
31%
2 Strahinja Pavlović
31%
23 Thomas Strakosha
31%
20 Yussuf Poulsen
31%
13 Aaron Ramsdale
30%
7 Andrij Jarmołenko
30%
23 Dean Henderson
30%
15 João Neves
30%
7 John McGinn
30%
14 Milan Škriniar
30%
12 Oliver Baumann
30%
18 Rúben Neves
30%
21 Eberechi Eze
29%
9 Joselu
29%
Belgia 1 Koen Casteels
29%
18 Martín Zubimendi
29%
20 Roland Sallai
29%
12 Thomas Kaminski
29%
16 Waldemar Anton
29%
12 Álex Grimaldo
28%
7 Chwicza Kwaracchelia
28%
26 Deniz Undav
28%
21 Domagoj Vida
28%
17 Florinel Coman
28%
9 Gianluca Scamacca
28%
8 Jorginho
28%
20 Kingsley Coman
28%
26 Kobbie Mainoo
28%
Słowacja 1 Martin Dúbravka
28%
8 Ondrej Duda
28%
5 Pascal Groß
28%
24 Robin Koch
28%
17 Ruben Vargas
28%
8 Youri Tielemans
28%
9 Aleksandar Mitrović
27%
Francja 1 Brice Samba
27%
17 Bruno Petković
27%
22 Jesús Navas
27%
12 Kieran Trippier
27%
14 Maximilian Beier
27%
11 Milos Kerkez
27%
4 Simon Kjær
27%
22 Stanislav Lobotka
27%
23 Vitinha
27%
15 Wiktor Cyhankow
27%
12 Anatolij Trubin
26%
14 Billy Gilmour
26%
19 Borna Sosa
26%
4 Elseid Hysaj
26%
13 Erik Janža
26%
22 Georges Mikautadze
26%
17 Ivan Ilić
26%
12 Kasper Dolberg
26%
9 Leandro Trossard
26%
8 Ádám Nagy
25%
19 Christoph Baumgartner
25%
11 Filip Kostić
25%
5 Jan Vertonghen
25%
18 Maximilian Mittelstädt
25%
18 Zsolt Nagy
25%
13 Álex Remiro
24%
5 Diogo Dalot
24%
21 Diogo Jota
24%
10 Dušan Tadić
24%
17 Ivan Toney
24%
19 Kenan Yıldız
24%
10 Lorenzo Pellegrini
24%
7 Lovro Majer
24%
14 Tijjani Reijnders
24%
26 Alex Meret
23%
8 Callum McGregor
23%
17 Daley Blind
23%
19 Denis Drăguș
23%
12 Guglielmo Vicario
23%
22 Josip Juranović
23%
21 Kristjan Asllani
23%
20 Loïs Openda
23%
8 Luka Jović
23%
8 Remo Freuler
23%
24 Amadou Onana
22%
Szkocja 1 Angus Gunn
22%
6 Axel Witsel
22%
21 Barış Alper Yılmaz
22%
10 Ché Adams
22%
6 Denis Zakaria
22%
10 Ianis Hagi
22%
22 Joe Gomez
22%
26 Josip Iličić
22%
23 Pierre-Emile Højbjerg
22%
3 Radu Drăgușin
22%
26 Ryan Gravenberch
22%
4 Wout Faes
22%
18 Anthony Gordon
21%
11 Armando Broja
21%
5 Attila Fiola
21%
20 Benjamin Henrichs
21%
16 Conor Gallagher
21%
5 Dani Vivian
21%
7 Davide Frattesi
21%
17 Ernest Muçi
21%
14 Ezri Konsa
21%
5 Joakim Mæhle
21%
13 Matteo Darmian
21%
15 Thomas Meunier
21%
11 Yannick Carrasco
21%
26 Adrian Șut
20%
16 Dávid Hancko
20%
20 Jarrod Bowen
20%
3 Merih Demiral
20%
14 Mikkel Damsgaard
20%
21 Timothy Castagne
20%
5 Vladimír Coufal
20%
18 Warren Zaïre-Emery
20%
2 Ádám Lang
19%
26 Ayoze Pérez
19%
11 Chris Führich
19%
6 Josip Šutalo
19%
24 Marco Pašalić
19%
15 Mario Pašalić
19%
19 Mateo Retegui
19%
4 Nikola Milenković
19%
9 Roman Jaremczuk
19%
20 Teun Koopmeiners
19%
19 Youssouf Fofana
19%
25 Adam Wharton
18%
15 Álex Baena
18%
16 Ante Budimir
18%
19 Dan Ndoye
18%
12 Dénes Dibusz
18%
Albania 1 Etrit Berisha
18%
25 Filip Mladenović
18%
11 Giacomo Raspadori
18%
17 Gianluca Mancini
18%
6 João Palhinha
18%
21 Jonathan Clauss
18%
2 Josip Stanišić
18%
19 Juraj Kucka
18%
17 Lukáš Haraslín
18%
20 Mattia Zaccagni
18%
16 Medon Berisha
18%
11 Michael Gregoritsch
18%
10 Nedim Bajrami
18%
25 Steven Bergwijn
18%
6 Taras Stepanenko
18%
3 Arthur Theate
17%
6 Berat Djimsiti
17%
8 Georginio Wijnaldum
17%
19 Jonas Wind
17%
13 Justin Bijlow
17%
6 Marius Marin
17%
13 Matz Sels
17%
2 Nélson Semedo
17%
2 Otar Kakabadze
17%
18 Răzvan Marin
17%
11 Andreas Skov Olsen
16%
13 Danilo Pereira
16%
6 Federico Gatti
16%
26 Francisco Conceição
16%
3 Gernot Trauner
16%
19 Johan Bakayoko
16%
4 Kevin Danso
16%
25 Luka Sučić
16%
20 Michel Aebischer
16%
21 Morten Hjulmand
16%
4 Nico Elvedi
16%
16 Nika Kwekweskiri
16%
9 Noah Okafor
16%
2 Peter Pekarík
16%
9 Adam Hložek
15%
9 Andraž Šporar
15%
24 Jerdy Schouten
15%
16 Witalij Mykołenko
15%
15 Christian Nørgaard
14%
14 Gonçalo Inácio
14%
Ukraina 1 Heorhij Buszczan
14%
26 Ivan Schranz
14%
7 Loïc Négo
14%
23 Mark Flekken
14%
Turcja 1 Mert Günok
14%
Serbia 1 Predrag Rajković
14%
11 Ryan Christie
14%
3 Silvan Widmer
14%
8 Thomas Delaney
14%
17 Victor Kristiansen
14%
4 Alessandro Buongiorno
13%
18 Alexander Bah
13%
2 Anthony Ralston
13%
16 Bryan Cristante
13%
10 Florian Grillitsch
13%
5 Grant Hanley
13%
13 Illa Zabarny
13%
26 Jacob Bruun Larsen
13%
3 Jannik Vestergaard
13%
7 Kerem Aktürkoğlu
13%
18 Ladislav Krejčí
13%
15 Lewis Dunk
13%
3 Marin Pongračić
13%
16 Matheus Nunes
13%
13 Mathias Jørgensen
13%
6 Orkun Kökçü
13%
25 Pedro Neto
13%
15 Philipp Lienhart
13%
8 Rusłan Malinowski
13%
20 Ryan Jack
13%
26 Scott McKenna
13%
22 Stephan El Shaarawy
13%
24 Stuart Armstrong
13%
24 Andrea Cambiaso
12%
14 Bendegúz Bolla
12%
17 Callum Styles
12%
14 Dodi Lukebakio
12%
20 Ferdi Kadıoğlu
12%
Rumunia 1 Florin Niță
12%
13 Jack Hendry
12%
2 Joachim Andersen
12%
2 Maximilian Wöber
12%
18 Orel Mangala
12%
16 Phillipp Mwene
12%
15 Ryan Porteous
12%
15 Salih Özcan
12%
22 Saša Lukić
12%
5 Stefan Posch
12%
12 Yvon Mvogo
12%
2 David Zima
11%
12 Đorđe Petrović
11%
26 Fabian Rieder
11%
14 Heorhij Sudakow
11%
17 İrfan Kahveci
11%
6 Jaka Bijol
11%
25 James Forrest
11%
18 Kwadwo Duah
11%
9 Lawrence Shankland
11%
18 Luka Ivanušec
11%
24 Marash Kumbulla
11%
26 Martin Baturina
11%
18 Mert Müldür
11%
6 Nemanja Gudelj
11%
21 Nicolò Fagioli
11%
14 Qazim Laçi
11%
11 Renato Steffen
11%
7 Rey Manaj
11%
9 Róbert Boženík
11%
12 Altay Bayındır
10%
13 András Schäfer
10%
2 Andrei Rațiu
10%
19 Brian Brobbey
10%
9 Cenk Tosun
10%
17 Charles De Ketelaere
10%
23 David Brekalo
10%
15 David Jurásek
10%
21 Endre Botka
10%
22 Frederik Rønnow
10%
17 Greg Taylor
10%
16 Joey Veerman
10%
23 Kevin Csoboth
10%
16 Liam Cooper
10%
2 Lutsharel Geertruida
10%
12 Marek Rodák
10%
5 Martin Erlić
10%
26 Matěj Jurásek
10%
4 Miha Blažič
10%
19 Mykoła Szaparenko
10%
5 Nemanja Maksimović
10%
6 Nicolas Seiwald
10%
13 Patrick Pentz
10%
23 Patrick Wimmer
10%
25 Zeki Amdouni
10%
14 Andrija Živković
9%
24 Bogdan Racovițan
9%
3 Denis Vavro
9%
9 Jasir Asani
9%
8 Klaus Gjasula
9%
12 Liam Kelly
9%
7 Mathias Jensen
9%
25 Maxim De Cuyper
9%
26 Mihály Kata
9%
14 Steven Zuber
9%
17 Václav Černý
9%
7 Antonín Barák
8%
5 Arlind Ajeti
8%
23 Arthur Vermeeren
8%
7 Benjamin Verbič
8%
18 David Strelec
8%
11 Jan Kuchta
8%
Czechy 1 Jindřich Staněk
8%
23 Kenny McLean
8%
15 László Kleinheisler
8%
20 Marko Pjaca
8%
16 Matěj Kovář
8%
13 Miloš Veljković
8%
13 Nikola Vlašić
8%
22 Péter Szappanos
8%
19 Tomáš Chorý
8%
21 Wałerij Bondar
8%
2 Zeno Debast
8%
23 Deian Sorescu
7%
7 Denis Alibec
7%
9 George Pușcaș
7%
Gruzja 1 Giorgi Loria
7%
17 Jan Mlakar
7%
5 Jon Gorenc Stanković
7%
2 Leonidas Stergiou
7%
3 Mario Mitaj
7%
24 Márton Dárdai
7%
20 Ołeksandr Zubkow
7%
20 Petar Stojanović
7%
3 Tomáš Holeš
7%
7 Tomáš Suslov
7%
15 Tomi Horvat
7%
26 Veljko Birmančević
7%
11 Yusuf Yazıcı
7%
2 Žan Karničnik
7%
2 Zeki Çelik
7%
24 Ardon Jashari
6%
15 Cédric Zesiger
6%
16 Dániel Gazdag
6%
23 Henrich Ravas
6%
12 Horațiu Moldovan
6%
14 Jasmin Kurtić
6%
25 Krisztofer Horváth
6%
19 Lazar Samardžić
6%
14 Lukáš Provod
6%
6 Martin Vitík
6%
25 Michael Folorunsho
6%
18 Romano Schmid
6%
15 Srđan Babić
6%
15 Vernon De Marco
6%
21 Zander Clark
6%
18 Žan Vipotnik
6%
26 Arbër Hoxha
5%
16 Aster Vranckx
5%
3 Botond Balogh
5%
12 Elhan Kastrati
5%
17 Florian Kainz
5%
4 Guram Kaszia
5%
23 Ivica Ivušić
5%
3 Jure Balkovec
5%
22 Kaan Ayhan
5%
10 Ľubomír Tupta
5%
21 Mijat Gaćinović
5%
13 Mojmír Chytil
5%
12 Nediljko Labrović
5%
6 Norbert Gyömbér
5%
5 Okay Yokuşlu
5%
15 Raoul Bellanova
5%
22 Ross McCrorie
5%
25 Sebastián Kóša
5%
5 Serhij Sydorczuk
5%
23 Uğurcan Çakır
5%
13 Valentin Mihăilă
5%
16 Vincent Sierro
5%
20 Ylber Ramadani
5%
14 Abdülkerim Bardakcı
4%
25 Adrian Zeljković
4%
13 Enea Mihaj
4%
Austria 1 Heinz Lindner
4%
16 Igor Vekić
4%
2 Iván Balliu
4%
2 Juchym Konopla
4%
19 Lewan Szengelia
4%
26 Marco Grüll
4%
21 Matúš Bero
4%
19 Mirlind Daku
4%
22 Mykoła Matwijenko
4%
3 Nemanja Stojić
4%
24 Nino Žugelj
4%
24 Ołeksandr Tymczyk
4%
13 Patrik Hrošovský
4%
18 Petar Ratkov
4%
4 Samet Akaydin
4%
8 Sandi Lovrić
4%
15 Taulant Seferi
4%
19 Tommy Conway
4%
24 Uroš Spajić
4%
12 Vid Belec
4%
23 Vítězslav Jaroš
4%
19 Žan Celar
4%
9 Zuriko Dawitaszwili
4%
4 Adam Obert
3%
13 Ahmetcan Kaplan
3%
8 Alexander Prass
3%
8 Alexandru Cicâldău
3%
24 Andreas Weimann
3%
15 Andrei Burcă
3%
26 Bertuğ Yıldırım
3%
26 Bohdan Mychajliczenko
3%
14 Darius Olaru
3%
12 David Douděra
3%
21 Flavius Daniliuc
3%
21 Giorgi Citaiszwili
3%
10 Giorgi Czakwetadze
3%
6 Giorgi Koczoraszwili
3%
3 Lasza Dwali
3%
11 László Bénes
3%
24 Leo Sauer
3%
18 Lewis Morgan
3%
16 Mads Hermansen
3%
8 Michal Sadílek
3%
12 Niklas Hedl
3%
3 Ołeksandr Swatok
3%
4 Robin Hranáč
3%
22 Adam Gnezda Čerin
2%
22 Amir Abrashi
2%
24 Anders Dreyer
2%
18 Ardian Ismajli
2%
20 Dávid Ďuriš
2%
16 İsmail Yüksek
2%
14 Leopold Querfeld
2%
21 Lukáš Červ
2%
4 Maksym Tałowierow
2%
25 Naser Aliji
2%
11 Nicușor Bancu
2%
20 Ondřej Lingr
2%
17 Otar Kiteiszwili
2%
25 Pavel Šulc
2%
16 Srđan Mijailović
2%
16 Ștefan Târnovanu
2%
10 Timi Max Elšnik
2%
5 Tomáš Rigo
2%
24 Tomáš Vlček
2%
22 Vasile Mogoș
2%
25 Władysław Wanat
2%
25 Yunus Akgün
2%
8 Budu Ziwziwadze
1%
25 Daniel Bîrligea
1%
24 Dżemal Tabidze
1%
26 Gabriel Sigua
1%
5 Ionuț Nedelcearu
1%
22 Matthias Seidl
1%
25 Maximilian Entrup
1%
23 Saba Lobżanidze
1%
24 Semih Kılıçsoy
1%
5 Solomon Kwirkwelia
1%
21 Vanja Drkušić
1%
18 Wołodymyr Brażko
1%
20 Anzor Mekwabiszwili
0%
13 Giorgi Goczoleiszwili
0%
15 Giorgi Gwelesiani
0%
11 Giorgi Kwilitaia
0%
12 Luka Gugeszaszwili
0%
14 Luka Loczoszwili
0%
18 Sandro Altunaszwili
0%
Nie znaleziono quizów pasujących do podanych kryteriów
Rozkład punktacji
Procent ludzi z każdym wynikiem
Percentyl według liczby udzielonych odpowiedzi
Twoja historia wyników
Nie rozwiązałeś tego quizu